=LDR 00000nam 2200000 4500 =001 INLIS000000000024810 =005 20130612123354 =008 ***********************************ind** =035 ##$$0010-061300000024810 =041 ##$$a ind =082 ##$$a 658.09 =090 ##$$a 658.09, WIN s =100 ##$$a Winardi =245 ##$$a Sejarah perkembangan pemikiran dalam bidang Manajemen, Winardi =260 ##$$a 2002 $b Bandung =300 ##$$a xvi, 366 hlm., ilus., 21 cm =650 ##$$a Manajemen =650 ##$$a Sejarah =850 ##$$a NBPNMAT